000 00384nam a2200133 i 4500
001 bg
100 1 _aŁOBUCIEWSKA, Janina
245 0 _aWpływ kwalifikacji pracowniczych na efektywność działania przedsiębiorstwa budowlanego /
_cJanina Łobuciewska.
260 _aWarszawa,
_c1978.
040 _cBPK
041 _apol
942 _cKS
008 s pl f |000 0 pol
999 _c18344
_d18344
856 _uhttp://koha.tu.koszalin.pl/cgi-bin/koha/opac-detail.pl?biblionumber=18344
_yKatalog online BPK